Open Data Biblioteca Nacional de Portugal


República Portuguesa: Ministério da Cultura
Biblioteca Nacional de Portugal

Catálogo da BNP: acesso por Identificadores Unívocos
Registos Bibliográficos associados ao registo de autoridade

Etiqueta de registo: 00398nam 2200157 450
001 553887
003 http://id.bnportugal.gov.pt/bib/catbnp/553887
100 ## $a19950804d1840 m y0pory01030103ba
101 0# $aita$apor
102 ## $aPT
105 ## $ay z 000iy
106 ## $ar
200 1# $aHelena de Feltre$edrama tragico em 3 actos
210 #9 $aLisboa$cTypographia Lisbonense,$d1840
215 ## $a75 p.$d15 cm
300 ## $aNa folha de rosto: 'Para se representar no Real Theatro de S. Carlos no faustissimo dia 4 de Abril. Em que faz annos S. Magestade Fidelissima a Senhora D. Maria II.'
300 ## $aPersonagens: Boemundo, Imberga, Sigifredo, Helena, Guido, Ubaldo, Gualtiero
305 ## $aEd. bilingue em italiano e português
307 ## $aAssin.: 1-4//8, 5//6
316 ## $aFalta a folha de rosto$5PTBN: T.S.C. 727 P.
317 ## $aConservatório Nacional$5PTBN: C.N. 108 P.
317 ## $aTeatro de São Carlos$5PTBN: T.S.C. 724 P.-T.S.C. 726 P., T.S.C. 1521//2 P.
317 ## $aIPPC, Departamento de Musicologia$5PTBN: M. 3052 P.
500 10 $aElena da Feltre.$nLibreto
601 02 $aTeatro de São Carlos$j[Libretos]$2SIPOR$31264404
606 ## $aÓperas$j[Libretos]$2SIPOR$31158641
620 ## $dLisboa
675 ## $a78.089.1$vBN$zpor$3506605
675 ## $a82-293$vBN$zpor$3488282
700 #1 $aCammarano,$bSalvatore,$f1801-1852$393988
701 #1 $aMercadante,$bSaverio,$f1795-1870$4230$399163
712 02 $aTipografia Lisbonense$4610$398275
712 01 $aPortugal.$bConservatório Nacional.$bEscola de Música$4390$31172174
712 01 $aPortugal.Portugal.$bTeatro Nacional de São Carlos$4390$31999923
712 01 $aPortugal.$bInstituto Português do Património Cultural.$bDepartamento de Musicologia$4390$3285717
801 #0 $aPT$bBN$gRPC
966 ## $lBN$mFGMON$sL. 25428//5 P.
966 ## $lBN$mMUSICA$sC.N. 108 P. $x6
966 ## $lBN$mMUSICA$sM. 1159 P.
966 ## $lBN$mMUSICA$sM. 3052 P.$x7
966 ## $lBN$mMUSICA$sT.S.C. 724 P. $x6
966 ## $lBN$mMUSICA$sT.S.C. 725 P. $x6
966 ## $lBN$mMUSICA$sT.S.C. 726 P. $x6
966 ## $lBN$mMUSICA$sT.S.C. 1521//2 P. $x6
976 ## $d20260602$rmemarques
997 ## $aBIBEOD

OpendataBNP@bnportugal.pt | Mais informação sobre acesso aos dados BNP